[Event "2nd Easter 4NCL Congress"]
[Site "Daventry"]
[Date "2022.04.17"]
[Round "5"]
[Board "15"]
[White "Li, Ethan Bingxuan"]
[Black "Mccumiskey, Andrew P"]
[Result "0-1"]
[WhiteElo "1851"]
[BlackElo "2109"]
[PlyCount "0"]
[EventDate "2022.04.15"]
[EventRounds "7"]
[EventCountry "ENG"]

1. e4 {[%clk 01:30:56]} {[%emt 00:00:02]} d6 {[%clk 01:30:54]} {[%emt
00:00:07]} 2. d4 {[%clk 01:31:21]} {[%emt 00:00:05]} g6 {[%clk 01:30:58]}
{[%emt 00:00:26]} 3. Nc3 {[%clk 01:31:39]} {[%emt 00:00:12]} Bg7 {[%clk
01:31:23]} {[%emt 00:00:05]} 4. f4 {[%clk 01:32:01]} {[%emt 00:00:07]} c6
{[%clk 01:31:45]} {[%emt 00:00:09]} 5. Nf3 {[%clk 01:32:14]} {[%emt 00:00:18]}
d5 {[%clk 01:32:08]} {[%emt 00:00:06]} 6. e5 {[%clk 01:32:36]} {[%emt
00:00:08]} h5 {[%clk 01:32:33]} {[%emt 00:00:04]} 7. Bd3 {[%clk 01:32:44]}
{[%emt 00:00:23]} Nh6 {[%clk 01:32:57]} {[%emt 00:00:06]} 8. Be3 {[%clk
01:32:22]} {[%emt 00:00:52]} Bf5 {[%clk 01:33:00]} {[%emt 00:00:27]} 9. Ne2
{[%clk 01:32:27]} {[%emt 00:00:26]} e6 {[%clk 01:32:11]} {[%emt 00:01:19]} 10.
c3 {[%clk 01:32:15]} {[%emt 00:00:42]} Bf8 {[%clk 01:31:55]} {[%emt 00:00:45]}
11. a4 {[%clk 01:30:29]} {[%emt 00:02:16]} a5 {[%clk 01:31:28]} {[%emt
00:00:58]} 12. Qd2 {[%clk 01:28:53]} {[%emt 00:02:06]} Qb6 {[%clk 01:29:33]}
{[%emt 00:02:24]} 13. Bxf5 {[%clk 01:28:57]} {[%emt 00:00:25]} Nxf5 {[%clk
01:29:56]} {[%emt 00:00:08]} 14. Bf2 {[%clk 01:29:12]} {[%emt 00:00:15]} c5
{[%clk 01:30:00]} {[%emt 00:00:26]} 15. g3 {[%clk 01:27:43]} {[%emt 00:01:59]}
Nc6 {[%clk 01:29:31]} {[%emt 00:00:59]} 16. O-O {[%clk 01:27:21]} {[%emt
00:00:51]} Rc8 {[%clk 01:26:15]} {[%emt 00:03:47]} 17. Kg2 {[%clk 01:26:28]}
{[%emt 00:01:23]} cxd4 {[%clk 01:22:32]} {[%emt 00:04:13]} 18. Nexd4 {[%clk
01:26:21]} {[%emt 00:00:36]} Ncxd4 {[%clk 01:21:03]} {[%emt 00:02:00]} 19. Nxd4
{[%clk 01:26:37]} {[%emt 00:00:14]} Nxd4 {[%clk 01:21:01]} {[%emt 00:00:32]} 20.
Bxd4 {[%clk 01:26:54]} {[%emt 00:00:12]} Bc5 {[%clk 01:21:00]} {[%emt
00:00:32]} 21. Bxc5 {[%clk 01:26:42]} {[%emt 00:00:42]} Rxc5 {[%clk 01:19:25]}
{[%emt 00:02:05]} 22. h3 {[%clk 01:25:24]} {[%emt 00:01:47]} Qc6 {[%clk
01:14:56]} {[%emt 00:05:00]} 23. Kg1 {[%clk 01:23:02]} {[%emt 00:02:52]} Rc4
{[%clk 01:14:18]} {[%emt 00:01:08]} 24. Rf2 {[%clk 01:22:13]} {[%emt 00:01:19]}
Rxa4 {[%clk 01:14:01]} {[%emt 00:00:47]} 25. Rxa4 {[%clk 01:22:36]} {[%emt
00:00:07]} Qxa4 {[%clk 01:14:29]} {[%emt 00:00:03]} 26. Qe3 {[%clk 01:22:03]}
{[%emt 00:01:02]} Qb5 {[%clk 01:11:57]} {[%emt 00:03:02]} 27. g4 {[%clk
01:18:37]} {[%emt 00:03:56]} hxg4 {[%clk 01:10:08]} {[%emt 00:02:19]} 28. hxg4
{[%clk 01:18:58]} {[%emt 00:00:09]} Qa4 {[%clk 01:05:03]} {[%emt 00:05:35]} 29.
Qe2 {[%clk 01:18:00]} {[%emt 00:01:28]} b5 {[%clk 00:58:40]} {[%emt 00:06:52]}
30. f5 {[%clk 01:17:25]} {[%emt 00:01:06]} gxf5 {[%clk 00:58:09]} {[%emt
00:01:02]} 31. gxf5 {[%clk 01:17:17]} {[%emt 00:00:38]} Rg8+ {[%clk 00:53:42]}
{[%emt 00:04:56]} 32. Rg2 {[%clk 01:17:24]} {[%emt 00:00:23]} Rxg2+ {[%clk
00:53:33]} {[%emt 00:00:38]} 33. Qxg2 {[%clk 01:16:38]} {[%emt 00:01:16]} Qd1+
{[%clk 00:53:28]} {[%emt 00:00:35]} 34. Kh2 {[%clk 01:17:02]} {[%emt 00:00:08]}
Qh5+ {[%clk 00:53:42]} {[%emt 00:00:15]} 35. Kg1 {[%clk 01:17:27]} {[%emt
00:00:05]} Qxf5 {[%clk 00:52:40]} {[%emt 00:01:31]} 36. Qg8+ {[%clk 01:17:48]}
{[%emt 00:00:10]} Ke7 {[%clk 00:51:53]} {[%emt 00:01:17]} 37. Qb8 {[%clk
01:18:12]} {[%emt 00:00:05]} Qb1+ {[%clk 00:50:03]} {[%emt 00:02:20]} 38. Kh2
{[%clk 01:15:29]} {[%emt 00:03:13]} Qxb2+ {[%clk 00:49:49]} {[%emt 00:00:44]}
39. Kg1 {[%clk 01:15:36]} {[%emt 00:00:23]} Qc1+ {[%clk 00:44:58]} {[%emt
00:05:21]} 40. Kh2 {[%clk 01:14:27]} {[%emt 00:01:38]} Qd2+ {[%clk 00:44:55]}
{[%emt 00:00:34]} 41. Kh1 {[%clk 01:14:10]} {[%emt 00:00:46]} Qe1+ {[%clk
00:44:24]} {[%emt 00:01:01]} 42. Kg2 {[%clk 01:14:11]} {[%emt 00:00:30]} Qe2+
{[%clk 00:44:27]} {[%emt 00:00:26]} 43. Kh1 {[%clk 01:13:35]} {[%emt 00:01:07]}
Qf1+ {[%clk 00:44:00]} {[%emt 00:00:57]} 44. Kh2 {[%clk 01:13:58]} {[%emt
00:00:05]} Qf2+ {[%clk 00:44:18]} {[%emt 00:00:13]} 45. Kh1 {[%clk 01:14:23]}
{[%emt 00:00:05]} Qc5 {[%clk 00:43:26]} {[%emt 00:01:23]} 46. Qb7+ {[%clk
01:14:28]} {[%emt 00:00:25]} Kf8 {[%clk 00:43:41]} {[%emt 00:00:15]} 47. Qb8+
{[%clk 01:14:21]} {[%emt 00:00:36]} Kg7 {[%clk 00:43:28]} {[%emt 00:00:43]} 48.
Qd8 {[%clk 01:14:40]} {[%emt 00:00:12]} Qf8 {[%clk 00:39:57]} {[%emt 00:04:01]}
49. Qxa5 {[%clk 01:13:41]} {[%emt 00:01:29]} Qb8 {[%clk 00:39:52]} {[%emt
00:00:34]} 50. c4 {[%clk 01:13:51]} {[%emt 00:00:21]} bxc4 {[%clk 00:39:36]}
{[%emt 00:00:46]} 51. Qe1 {[%clk 01:13:29]} {[%emt 00:00:52]} Qb3 {[%clk
00:38:40]} {[%emt 00:01:25]} 52. Qg1+ {[%clk 01:13:51]} {[%emt 00:00:08]} Kf8
{[%clk 00:38:41]} {[%emt 00:00:29]} 53. Qc5+ {[%clk 01:14:05]} {[%emt
00:00:16]} Kg7 {[%clk 00:37:51]} {[%emt 00:01:20]} 54. Qg1+ {[%clk 01:14:28]}
{[%emt 00:00:07]} Kh6 {[%clk 00:37:53]} {[%emt 00:00:28]} 55. Qg3 {[%clk
01:14:00]} {[%emt 00:00:59]} Qb1+ {[%clk 00:37:11]} {[%emt 00:01:11]} 56. Kh2
{[%clk 01:14:06]} {[%emt 00:00:23]} Qc2+ {[%clk 00:36:48]} {[%emt 00:00:55]} 57.
Kg1 {[%clk 01:13:56]} {[%emt 00:00:41]} Qg6 {[%clk 00:37:07]} {[%emt 00:00:10]}
58. Kh1 {[%clk 01:14:24]} {[%emt 00:00:02]} Qh5+ {[%clk 00:34:15]} {[%emt
00:03:22]} 59. Kg1 {[%clk 01:13:59]} {[%emt 00:00:55]} d4 {[%clk 00:34:12]}
{[%emt 00:00:33]} 60. Kf2 {[%clk 01:14:07]} {[%emt 00:00:22]} Qf5+ {[%clk
00:33:25]} {[%emt 00:01:16]} 61. Ke1 {[%clk 01:14:24]} {[%emt 00:00:14]} Qe4+
{[%clk 00:31:49]} {[%emt 00:02:05]} 62. Kd1 {[%clk 01:14:43]} {[%emt 00:00:12]}
Qd3+ {[%clk 00:30:07]} {[%emt 00:02:12]} 63. Qxd3 {[%clk 01:15:08]} {[%emt
00:00:05]} cxd3 {[%clk 00:30:35]} {[%emt 00:00:01]} 64. Kd2 {[%clk 01:15:34]}
{[%emt 00:00:05]} Kg5 {[%clk 00:30:52]} {[%emt 00:00:13]} 65. Kxd3 {[%clk
01:16:00]} {[%emt 00:00:03]} Kf5 {[%clk 00:31:04]} {[%emt 00:00:18]} 66. Kxd4
{[%clk 01:16:27]} {[%emt 00:00:03]} Kf4 {[%clk 00:31:28]} {[%emt 00:00:06]}  0-1

[Event "2nd Easter 4NCL Congress"]
[Site "Daventry"]
[Date "2022.04.17"]
[Round "5"]
[Board "16"]
[White "Jaszkiwskyj, Peter"]
[Black "Skettos, Nicolas"]
[Result "1/2-1/2"]
[WhiteElo "1950"]
[BlackElo "2067"]
[PlyCount "0"]
[EventDate "2022.04.15"]
[EventRounds "7"]
[EventCountry "ENG"]

1. d4 {[%clk 01:29:59]} {[%emt 00:01:00]} d5 {[%clk 01:29:31]} {[%emt
00:01:31]} 2. Nf3 {[%clk 01:30:19]} {[%emt 00:00:08]} Nf6 {[%clk 01:29:59]}
{[%emt 00:00:04]} 3. c4 {[%clk 01:30:36]} {[%emt 00:00:12]} dxc4 {[%clk
01:30:26]} {[%emt 00:00:03]} 4. Nc3 {[%clk 01:30:52]} {[%emt 00:00:15]} a6
{[%clk 01:30:52]} {[%emt 00:00:05]} 5. a4 {[%clk 01:31:02]} {[%emt 00:00:18]}
Nc6 {[%clk 01:31:18]} {[%emt 00:00:05]} 6. e3 {[%clk 01:31:00]} {[%emt
00:00:30]} Na5 {[%clk 01:31:19]} {[%emt 00:00:32]} 7. Ne5 {[%clk 01:30:44]}
{[%emt 00:00:43]} Be6 {[%clk 01:31:40]} {[%emt 00:00:11]} 8. Be2 {[%clk
01:19:22]} {[%emt 00:11:49]} c5 {[%clk 01:16:06]} {[%emt 00:16:07]} 9. O-O
{[%clk 01:16:59]} {[%emt 00:02:52]} g6 {[%clk 01:12:06]} {[%emt 00:04:32]} 10.
Nf3 {[%clk 01:11:00]} {[%emt 00:06:27]} cxd4 {[%clk 01:07:35]} {[%emt
00:05:01]} 11. Nxd4 {[%clk 01:10:16]} {[%emt 00:01:15]} Bd7 {[%clk 01:02:53]}
{[%emt 00:05:13]} 12. Bd2 {[%clk 01:07:19]} {[%emt 00:03:25]} Bg7 {[%clk
01:01:43]} {[%emt 00:01:41]} 13. Ra3 {[%clk 01:05:28]} {[%emt 00:02:20]} O-O
{[%clk 00:59:18]} {[%emt 00:02:56]} 14. Nb1 {[%clk 00:57:23]} {[%emt 00:08:35]}
Rc8 {[%clk 00:55:34]} {[%emt 00:04:14]} 15. Bc3 {[%clk 00:54:07]} {[%emt
00:03:46]} Ne4 {[%clk 00:50:12]} {[%emt 00:05:52]} 16. Be1 {[%clk 00:50:03]}
{[%emt 00:04:32]} Qc7 {[%clk 00:45:27]} {[%emt 00:05:17]} 17. Bb4 {[%clk
00:43:31]} {[%emt 00:07:01]} Nd6 {[%clk 00:39:55]} {[%emt 00:06:04]} 18. Nc3
{[%clk 00:41:55]} {[%emt 00:02:04]} Bxd4 {[%clk 00:37:23]} {[%emt 00:03:03]} 19.
Nd5 {[%clk 00:40:17]} {[%emt 00:02:08]} Qd8 {[%clk 00:36:15]} {[%emt 00:01:38]}
20. Bxa5 {[%clk 00:37:48]} {[%emt 00:02:58]} b6 {[%clk 00:34:08]} {[%emt
00:02:38]} 21. Qxd4 {[%clk 00:37:43]} {[%emt 00:00:33]} bxa5 {[%clk 00:34:25]}
{[%emt 00:00:15]} 22. Rd1 {[%clk 00:36:02]} {[%emt 00:02:09]} Be6 {[%clk
00:28:49]} {[%emt 00:06:07]} 23. Raa1 {[%clk 00:32:09]} {[%emt 00:04:23]} Bxd5
{[%clk 00:26:38]} {[%emt 00:02:43]} 24. Qxd5 {[%clk 00:32:28]} {[%emt
00:00:10]} Qb6 {[%clk 00:26:35]} {[%emt 00:00:33]} 25. Qe5 {[%clk 00:30:51]}
{[%emt 00:02:06]} Rfe8 {[%clk 00:23:57]} {[%emt 00:03:09]} 26. Rd5 {[%clk
00:28:19]} {[%emt 00:03:01]} f6 {[%clk 00:14:30]} {[%emt 00:09:58]} 27. Qc3
{[%clk 00:23:24]} {[%emt 00:05:25]} Rc5 {[%clk 00:12:25]} {[%emt 00:02:35]} 28.
Rad1 {[%clk 00:22:06]} {[%emt 00:01:47]} Rxd5 {[%clk 00:10:48]} {[%emt
00:02:08]} 29. Rxd5 {[%clk 00:22:24]} {[%emt 00:00:12]} Qb4 {[%clk 00:02:41]}
{[%emt 00:08:37]} 30. f3 {[%clk 00:18:57]} {[%emt 00:03:56]} Qxa4 {[%clk
00:01:22]} {[%emt 00:01:50]} 31. Rxa5 {[%clk 00:19:03]} {[%emt 00:00:23]} Qc6
{[%clk 00:01:46]} {[%emt 00:00:06]} 32. b3 {[%clk 00:17:27]} {[%emt 00:02:06]}
Rc8 {[%clk 00:01:31]} {[%emt 00:00:46]} 33. bxc4 {[%clk 00:15:28]} {[%emt
00:02:28]} Nxc4 {[%clk 00:01:06]} {[%emt 00:00:56]} 34. Qb3 {[%clk 00:14:35]}
{[%emt 00:01:23]} Kg7 {[%clk 00:01:13]} {[%emt 00:00:23]} 35. Bxc4 {[%clk
00:14:02]} {[%emt 00:01:02]} Qxc4 {[%clk 00:01:41]} {[%emt 00:00:03]} 36. Qxc4
{[%clk 00:13:23]} {[%emt 00:01:08]}  1/2-1/2

[Event "2nd Easter 4NCL Congress"]
[Site "Daventry"]
[Date "2022.04.17"]
[Round "5"]
[Board "17"]
[White "Shearsby, Jude"]
[Black "Chan, Sheng Liang Bernard"]
[Result "1/2-1/2"]
[WhiteElo "2053"]
[BlackElo "2086"]
[PlyCount "0"]
[EventDate "2022.04.15"]
[EventRounds "7"]
[EventCountry "ENG"]

1. e4 {[%clk 01:30:57]} {[%emt 00:00:03]} c5 {[%clk 01:30:54]} {[%emt
00:00:07]} 2. Nf3 {[%clk 01:31:20]} {[%emt 00:00:07]} d6 {[%clk 01:31:19]}
{[%emt 00:00:05]} 3. c3 {[%clk 01:31:44]} {[%emt 00:00:06]} Nf6 {[%clk
01:31:06]} {[%emt 00:00:43]} 4. h3 {[%clk 01:32:02]} {[%emt 00:00:11]} g6
{[%clk 01:31:11]} {[%emt 00:00:25]} 5. Bd3 {[%clk 01:32:28]} {[%emt 00:00:06]}
Bg7 {[%clk 01:31:18]} {[%emt 00:00:22]} 6. Bc2 {[%clk 01:32:49]} {[%emt
00:00:08]} e5 {[%clk 01:28:31]} {[%emt 00:03:17]} 7. O-O {[%clk 01:32:57]}
{[%emt 00:00:23]} O-O {[%clk 01:28:58]} {[%emt 00:00:03]} 8. d3 {[%clk
01:31:29]} {[%emt 00:01:58]} h6 {[%clk 01:28:52]} {[%emt 00:00:36]} 9. d4
{[%clk 01:18:41]} {[%emt 00:13:18]} Nc6 {[%clk 01:20:55]} {[%emt 00:08:26]} 10.
dxc5 {[%clk 01:15:36]} {[%emt 00:03:36]} dxc5 {[%clk 01:21:17]} {[%emt
00:00:07]} 11. Qxd8 {[%clk 01:15:33]} {[%emt 00:00:34]} Rxd8 {[%clk 01:21:33]}
{[%emt 00:00:14]} 12. Be3 {[%clk 01:15:52]} {[%emt 00:00:11]} b6 {[%clk
01:17:09]} {[%emt 00:04:55]} 13. Nbd2 {[%clk 01:10:18]} {[%emt 00:06:03]} Ba6
{[%clk 01:12:07]} {[%emt 00:05:32]} 14. Rfd1 {[%clk 01:09:20]} {[%emt
00:01:26]} Rac8 {[%clk 01:11:07]} {[%emt 00:02:02]} 15. Nf1 {[%clk 01:03:07]}
{[%emt 00:07:12]} Rxd1 {[%clk 00:57:13]} {[%emt 00:14:25]} 16. Rxd1 {[%clk
01:02:38]} {[%emt 00:00:59]} Nd4 {[%clk 00:56:21]} {[%emt 00:01:22]} 17. cxd4
{[%clk 00:43:37]} {[%emt 00:19:31]} cxd4 {[%clk 00:56:38]} {[%emt 00:00:13]} 18.
Bxd4 {[%clk 00:43:11]} {[%emt 00:00:57]} Rxc2 {[%clk 00:56:31]} {[%emt
00:00:36]} 19. Ne3 {[%clk 00:43:30]} {[%emt 00:00:11]} Re2 {[%clk 00:51:39]}
{[%emt 00:05:22]} 20. Bxe5 {[%clk 00:36:56]} {[%emt 00:07:05]} Nxe4 {[%clk
00:51:21]} {[%emt 00:00:47]} 21. Rd8+ {[%clk 00:35:21]} {[%emt 00:02:05]} Kh7
{[%clk 00:48:16]} {[%emt 00:03:33]} 22. Rd7 {[%clk 00:31:55]} {[%emt 00:03:58]}
Bxe5 {[%clk 00:46:09]} {[%emt 00:02:37]} 23. Nxe5 {[%clk 00:31:12]} {[%emt
00:01:14]} Nxf2 {[%clk 00:45:14]} {[%emt 00:01:25]} 24. Rxf7+ {[%clk 00:30:46]}
{[%emt 00:00:57]} Kg8 {[%clk 00:45:35]} {[%emt 00:00:09]} 25. Rxf2 {[%clk
00:29:19]} {[%emt 00:01:57]} Re1+ {[%clk 00:41:02]} {[%emt 00:05:02]} 26. Kh2
{[%clk 00:29:06]} {[%emt 00:00:44]} Rxe3 {[%clk 00:41:26]} {[%emt 00:00:05]} 27.
Nxg6 {[%clk 00:29:09]} {[%emt 00:00:27]} Bc4 {[%clk 00:38:21]} {[%emt
00:03:35]} 28. a3 {[%clk 00:28:45]} {[%emt 00:00:55]} a5 {[%clk 00:37:26]}
{[%emt 00:01:25]} 29. Nh4 {[%clk 00:26:27]} {[%emt 00:02:47]} b5 {[%clk
00:29:49]} {[%emt 00:08:08]} 30. Nf5 {[%clk 00:24:25]} {[%emt 00:02:31]} Re6
{[%clk 00:30:09]} {[%emt 00:00:09]} 31. g4 {[%clk 00:21:27]} {[%emt 00:03:29]}
Bd3 {[%clk 00:29:31]} {[%emt 00:01:07]} 32. Kg3 {[%clk 00:19:22]} {[%emt
00:02:35]} b4 {[%clk 00:29:42]} {[%emt 00:00:20]} 33. axb4 {[%clk 00:15:55]}
{[%emt 00:03:57]} axb4 {[%clk 00:30:05]} {[%emt 00:00:06]} 34. Kf4 {[%clk
00:11:50]} {[%emt 00:04:36]} b3 {[%clk 00:25:06]} {[%emt 00:05:28]} 35. Rd2
{[%clk 00:09:29]} {[%emt 00:02:53]} Bb1 {[%clk 00:16:52]} {[%emt 00:08:42]} 36.
Rd8+ {[%clk 00:06:43]} {[%emt 00:03:17]} Kh7 {[%clk 00:15:43]} {[%emt
00:01:38]} 37. Rb8 {[%clk 00:06:41]} {[%emt 00:00:32]} Bc2 {[%clk 00:14:42]}
{[%emt 00:01:32]} 38. Ne3 {[%clk 00:06:03]} {[%emt 00:01:08]} Re4+ {[%clk
00:14:12]} {[%emt 00:00:59]} 39. Kf3 {[%clk 00:06:06]} {[%emt 00:00:28]} Rd4
{[%clk 00:09:59]} {[%emt 00:04:42]} 40. Nxc2 {[%clk 00:05:12]} {[%emt
00:01:25]} bxc2 {[%clk 00:10:27]} {[%emt 00:00:01]} 41. Rc8 {[%clk 00:05:41]}
{[%emt 00:00:02]} Rd3+ {[%clk 00:10:35]} {[%emt 00:00:22]} 42. Kf4 {[%clk
00:05:25]} {[%emt 00:00:46]} Rxh3 {[%clk 00:09:41]} {[%emt 00:01:24]} 43. Rxc2
{[%clk 00:05:47]} {[%emt 00:00:09]} Rb3 {[%clk 00:10:04]} {[%emt 00:00:05]} 44.
Rh2 {[%clk 00:04:50]} {[%emt 00:01:29]} Kg6 {[%clk 00:10:23]} {[%emt 00:00:10]}
45. Rc2 {[%clk 00:04:50]} {[%emt 00:00:30]} Rb4+ {[%clk 00:09:54]} {[%emt
00:00:59]} 46. Kg3 {[%clk 00:04:48]} {[%emt 00:00:32]} Kg5 {[%clk 00:09:26]}
{[%emt 00:00:56]} 47. Rc5+ {[%clk 00:05:06]} {[%emt 00:00:13]} Kg6 {[%clk
00:09:55]} {[%emt 00:00:02]} 48. Rc2 {[%clk 00:03:56]} {[%emt 00:01:40]}
 1/2-1/2

[Event "2nd Easter 4NCL Congress"]
[Site "Daventry"]
[Date "2022.04.17"]
[Round "5"]
[Board "18"]
[White "Murawski, Jan"]
[Black "Cox, Toby"]
[Result "1-0"]
[WhiteElo "1852"]
[BlackElo "2070"]
[PlyCount "0"]
[EventDate "2022.04.15"]
[EventRounds "7"]
[EventCountry "ENG"]

1. d4 {[%clk 01:30:58]} {[%emt 00:00:01]} e6 {[%clk 01:30:26]} {[%emt
00:00:34]} 2. c4 {[%clk 01:31:23]} {[%emt 00:00:05]} f5 {[%clk 01:30:31]}
{[%emt 00:00:25]} 3. Nc3 {[%clk 01:31:43]} {[%emt 00:00:09]} Nf6 {[%clk
01:30:02]} {[%emt 00:01:00]} 4. g3 {[%clk 01:31:58]} {[%emt 00:00:15]} Bb4
{[%clk 01:30:05]} {[%emt 00:00:27]} 5. Bg2 {[%clk 01:31:25]} {[%emt 00:01:03]}
O-O {[%clk 01:30:10]} {[%emt 00:00:24]} 6. Nh3 {[%clk 01:31:38]} {[%emt
00:00:18]} d6 {[%clk 01:29:55]} {[%emt 00:00:46]} 7. O-O {[%clk 01:29:19]}
{[%emt 00:02:47]} Bxc3 {[%clk 01:29:30]} {[%emt 00:00:56]} 8. bxc3 {[%clk
01:29:38]} {[%emt 00:00:11]} Nc6 {[%clk 01:28:12]} {[%emt 00:01:48]} 9. Bg5
{[%clk 01:10:16]} {[%emt 00:19:51]} Qe8 {[%clk 01:25:54]} {[%emt 00:02:49]} 10.
Bxf6 {[%clk 01:09:15]} {[%emt 00:01:31]} Rxf6 {[%clk 01:24:58]} {[%emt
00:01:26]} 11. Re1 {[%clk 00:47:18]} {[%emt 00:22:27]} e5 {[%clk 00:53:28]}
{[%emt 00:32:00]} 12. c5 {[%clk 00:30:31]} {[%emt 00:17:17]} f4 {[%clk
00:51:03]} {[%emt 00:02:57]} 13. Ng5 {[%clk 00:28:39]} {[%emt 00:02:20]} Kh8
{[%clk 00:45:42]} {[%emt 00:05:51]} 14. Ne4 {[%clk 00:19:26]} {[%emt 00:09:43]}
Rh6 {[%clk 00:43:31]} {[%emt 00:02:41]} 15. cxd6 {[%clk 00:19:25]} {[%emt
00:00:32]} cxd6 {[%clk 00:41:12]} {[%emt 00:02:49]} 16. e3 {[%clk 00:18:58]}
{[%emt 00:00:57]} Qg6 {[%clk 00:32:47]} {[%emt 00:08:56]} 17. dxe5 {[%clk
00:09:53]} {[%emt 00:09:35]} dxe5 {[%clk 00:32:36]} {[%emt 00:00:40]} 18. exf4
{[%clk 00:10:04]} {[%emt 00:00:19]} exf4 {[%clk 00:31:10]} {[%emt 00:01:56]} 19.
Ng5 {[%clk 00:05:09]} {[%emt 00:05:25]} Bf5 {[%clk 00:31:06]} {[%emt 00:00:34]}
20. gxf4 {[%clk 00:04:04]} {[%emt 00:01:36]} Rh4 {[%clk 00:30:55]} {[%emt
00:00:41]} 21. Qb3 {[%clk 00:03:13]} {[%emt 00:01:21]} h6 {[%clk 00:29:55]}
{[%emt 00:01:30]} 22. Qxb7 {[%clk 00:02:35]} {[%emt 00:01:08]} Rc8 {[%clk
00:29:04]} {[%emt 00:01:21]} 23. Nf7+ {[%clk 00:01:45]} {[%emt 00:01:21]} Kh7
{[%clk 00:29:12]} {[%emt 00:00:21]} 24. Ne5 {[%clk 00:00:42]} {[%emt 00:01:32]}
Nxe5 {[%clk 00:29:36]} {[%emt 00:00:07]} 25. Rxe5 {[%clk 00:00:49]} {[%emt
00:00:23]} Rxc3 {[%clk 00:28:35]} {[%emt 00:01:31]} 26. Rxf5 {[%clk 00:01:01]}
{[%emt 00:00:19]} Rch3 {[%clk 00:28:24]} {[%emt 00:00:41]} 27. Rg5 {[%clk
00:01:12]} {[%emt 00:00:18]} hxg5 {[%clk 00:26:02]} {[%emt 00:02:52]} 28. Be4
{[%clk 00:01:24]} {[%emt 00:00:18]} Rg4+ {[%clk 00:26:18]} {[%emt 00:00:14]} 29.
Kf1 {[%clk 00:01:09]} {[%emt 00:00:45]} gxf4 {[%clk 00:25:27]} {[%emt
00:01:20]} 30. Bxg6+ {[%clk 00:01:31]} {[%emt 00:00:09]} Kxg6 {[%clk 00:25:28]}
{[%emt 00:00:29]} 31. Qc6+ {[%clk 00:01:55]} {[%emt 00:00:07]} Kh7 {[%clk
00:24:32]} {[%emt 00:01:25]} 32. Qe4+ {[%clk 00:01:55]} {[%emt 00:00:30]} g6
{[%clk 00:23:26]} {[%emt 00:01:37]} 33. Qe7+ {[%clk 00:01:54]} {[%emt
00:00:30]} Kh6 {[%clk 00:23:50]} {[%emt 00:00:05]} 34. Qf8+ {[%clk 00:02:08]}
{[%emt 00:00:17]} Kg5 {[%clk 00:24:11]} {[%emt 00:00:09]} 35. Rc1 {[%clk
00:01:55]} {[%emt 00:00:43]} Rh7 {[%clk 00:24:08]} {[%emt 00:00:33]} 36. Qd8+
{[%clk 00:01:59]} {[%emt 00:00:26]} Kh5 {[%clk 00:24:06]} {[%emt 00:00:31]} 37.
Rc5+ {[%clk 00:01:53]} {[%emt 00:00:36]} g5 {[%clk 00:23:54]} {[%emt 00:00:42]}
38. h3 {[%clk 00:02:02]} {[%emt 00:00:21]}  1-0

[Event "2nd Easter 4NCL Congress"]
[Site "Daventry"]
[Date "2022.04.17"]
[Round "5"]
[Board "19"]
[White "Gardiner, Eric D"]
[Black "Gibson, Christopher A"]
[Result "0-1"]
[WhiteElo "2063"]
[BlackElo "1899"]
[PlyCount "0"]
[EventDate "2022.04.15"]
[EventRounds "7"]
[EventCountry "ENG"]

1. d4 {[%clk 01:30:54]} {[%emt 00:00:06]} Nf6 {[%clk 01:30:56]} {[%emt
00:00:05]} 2. Bg5 {[%clk 01:31:17]} {[%emt 00:00:07]} e6 {[%clk 01:31:15]}
{[%emt 00:00:11]} 3. e4 {[%clk 01:31:37]} {[%emt 00:00:09]} h6 {[%clk
01:31:40]} {[%emt 00:00:05]} 4. Bxf6 {[%clk 01:32:00]} {[%emt 00:00:08]} Qxf6
{[%clk 01:32:06]} {[%emt 00:00:04]} 5. Nc3 {[%clk 01:32:15]} {[%emt 00:00:14]}
Bb4 {[%clk 01:32:17]} {[%emt 00:00:19]} 6. Qd3 {[%clk 01:32:34]} {[%emt
00:00:11]} O-O {[%clk 01:32:01]} {[%emt 00:00:46]} 7. e5 {[%clk 01:31:23]}
{[%emt 00:01:41]} Qd8 {[%clk 01:30:44]} {[%emt 00:01:48]} 8. O-O-O {[%clk
01:28:56]} {[%emt 00:02:56]} d5 {[%clk 01:30:50]} {[%emt 00:00:25]} 9. f4
{[%clk 01:23:41]} {[%emt 00:05:44]} c5 {[%clk 01:30:05]} {[%emt 00:01:17]} 10.
a3 {[%clk 01:22:09]} {[%emt 00:02:01]} Bxc3 {[%clk 01:29:01]} {[%emt 00:01:35]}
11. Qxc3 {[%clk 01:22:21]} {[%emt 00:00:17]} cxd4 {[%clk 01:28:56]} {[%emt
00:00:34]} 12. Qxd4 {[%clk 01:22:32]} {[%emt 00:00:20]} Nc6 {[%clk 01:29:05]}
{[%emt 00:00:21]} 13. Qe3 {[%clk 01:21:52]} {[%emt 00:01:10]} a6 {[%clk
01:23:11]} {[%emt 00:06:24]} 14. Nf3 {[%clk 01:20:31]} {[%emt 00:01:50]} b5
{[%clk 01:22:31]} {[%emt 00:01:11]} 15. Nd4 {[%clk 01:18:11]} {[%emt 00:02:49]}
Na5 {[%clk 01:20:38]} {[%emt 00:02:24]} 16. Bd3 {[%clk 01:12:10]} {[%emt
00:06:30]} Nc4 {[%clk 01:04:58]} {[%emt 00:16:10]} 17. Bxc4 {[%clk 01:10:26]}
{[%emt 00:02:15]} bxc4 {[%clk 01:04:22]} {[%emt 00:01:06]} 18. c3 {[%clk
01:07:52]} {[%emt 00:03:04]} Bd7 {[%clk 01:01:55]} {[%emt 00:02:58]} 19. g4
{[%clk 01:06:48]} {[%emt 00:01:33]} Qh4 {[%clk 00:59:35]} {[%emt 00:02:50]} 20.
Rdg1 {[%clk 01:04:06]} {[%emt 00:03:12]} Rab8 {[%clk 00:58:17]} {[%emt
00:01:49]} 21. Nf3 {[%clk 01:03:24]} {[%emt 00:01:11]} Qe7 {[%clk 00:56:01]}
{[%emt 00:02:47]} 22. h4 {[%clk 01:00:03]} {[%emt 00:03:50]} Rb7 {[%clk
00:52:48]} {[%emt 00:03:44]} 23. Rh2 {[%clk 00:35:13]} {[%emt 00:25:19]} Rfb8
{[%clk 00:52:28]} {[%emt 00:00:50]} 24. Nd4 {[%clk 00:33:11]} {[%emt 00:02:32]}
Rxb2 {[%clk 00:50:23]} {[%emt 00:02:35]} 25. Rxb2 {[%clk 00:33:33]} {[%emt
00:00:08]} Qxa3 {[%clk 00:50:48]} {[%emt 00:00:05]} 26. Rgg2 {[%clk 00:32:04]}
{[%emt 00:01:59]} Qa1+ {[%clk 00:48:48]} {[%emt 00:02:30]} 27. Kd2 {[%clk
00:32:11]} {[%emt 00:00:23]} Rxb2+ {[%clk 00:48:24]} {[%emt 00:00:55]} 28. Nc2
{[%emt 00:02:47]}  0-1